Capitales del mundo por la bandera del país - Estadísticas

Estadísticas generales
  • Esta prueba ha sido intentada 9 veces
  • La puntuación promedio es 140 de 197
Estadísticas de respuestas
Imagen Respuesta % Correcto
Andorra la Vieja
100%
Berlín
100%
Bogotá
100%
Estocolmo
100%
Jerusalen
100%
Monaco
100%
Oslo
100%
Praga
100%
Viena
100%
Zagreb
100%
Abu Dabi
86%
Ankara
86%
Asunción
86%
Atenas
86%
Bagdad
86%
Bakú
86%
Bangkok
86%
Belmopán
86%
Berna
86%
Brasilia
86%
Bratislava
86%
Bruselas
86%
Bucarest
86%
Buenos Aires
86%
Canberra
86%
Caracas
86%
Chisinaú
86%
Ciudad del Vaticano
86%
Ciudad de Mexico
86%
Ciudad de Panama
86%
Copenhague
86%
El Cairo
86%
Helsinki
86%
Kiev
86%
La Paz
86%
La valeta
86%
Lima
86%
Lisboa
86%
Liubliana
86%
Luxemburgo
86%
Madrid
86%
Managua
86%
Nicosia
86%
Nueva Delhi
86%
Ottawa
86%
Paramaribo
86%
Pekin
86%
Pionyang
86%
Pretoria
86%
Quito
86%
Rabat
86%
Reikiavik
86%
San Marino
86%
Santiago
86%
Santo Domingo
86%
Sarajevo
86%
Seul
86%
Sofia
86%
Sucre
86%
tirana
86%
Varsovia
86%
Wellington
86%
Abuya
71%
Amán
71%
Amsterdam
71%
Argel
71%
Asjabad
71%
Asmara
71%
Astaná
71%
Bandar Seri Begawan
71%
Beirut
71%
Bisáu
71%
Biskek
71%
Brazzaville
71%
Budapest
71%
Ciudad de Guatemala
71%
Ciudad de la Paz
71%
Daca
71%
Damasco
71%
Doha
71%
Dublin
71%
Ereván
71%
Georgetown
71%
Islamabad
71%
Kabul
71%
Katmandú
71%
Kingston
71%
Kingstown
71%
Kinsasa
71%
Kuwait
71%
La Habana
71%
Libreville
71%
Londres
71%
Luanda
71%
Malé
71%
Manila
71%
Mascate
71%
Mogadiscio
71%
Montevideo
71%
Moscu
71%
Naipyido
71%
Nassau
71%
Nom Pen
71%
Palikir
71%
Paris
71%
Podgorica
71%
Port Moresby
71%
Porto Novo
71%
Praia
71%
Pristina
71%
Puerto España
71%
Puerto Principe
71%
Riad
71%
Riga
71%
Roma
71%
Roseau
71%
Saint John
71%
Saná
71%
San José
71%
San Salvador
71%
Singapur
71%
Skopie
71%
Suva
71%
Taipei
71%
Tallin
71%
Taskent
71%
Tegucigalpa
71%
Tokio
71%
Trípoli
71%
Tunez
71%
Vaduz
71%
Victoria
71%
Washington
71%
Yakarta
71%
Yaundé
71%
Yibuti
71%
Acra
57%
Adís Abeba
57%
Antananarivo
57%
Apia
57%
Basseterre
57%
Belgrado
57%
Bridgetown
57%
Castries
57%
Conakri
57%
Dakar
57%
Dili
57%
Freetown
57%
Funafuti
57%
Gaborone
57%
Hanoi
57%
Harare
57%
Honiara
57%
Jartum
57%
Kigali
57%
Kuala Lumpur
57%
Lilongue
57%
Lomé
57%
Lusaka
57%
Manama
57%
Maputo
57%
Maseru
57%
Minsk
57%
Moroni
57%
Nairobi
57%
Ngerulmud
57%
Nukuʻalofa
57%
Port Louis
57%
Port Vila
57%
Saint George
57%
Santo Tomé
57%
Sri Jayawardenapura Kotte
57%
Teheran
57%
Tiflis
57%
timbu
57%
Ulán Bator
57%
Vientian
57%
Vilna
57%
Windhoek
57%
Yamena
57%
Yamusukro
57%
Bangui
43%
Banjul
43%
Dodoma
43%
Dusambé
43%
Gitega
43%
Kampala
43%
Mbabane
43%
Monrovia
43%
Niamey
43%
Nuakchot
43%
Tarawa
43%
Uagadugú
43%
Yaren
43%
Yuba
43%
Bamako
29%
Majuro
29%
No se encontraron pruebas coincidentes
Distribución de puntuación
Porcentaje de gente con cada puntuación
Porcentaje por número respondido
Historial de tus puntuaciones
No has intentado esta prueba.